000 00215 a2200097 4500
001 57997
100 _a
245 _aCollege physics
260 _aBoston
_bMcGraw-Hill Higher Education
_c2007
090 _c35512
_d35512
942 _aNUST-CAE
_c
_c28350
999 _c293070
_d293070